000 00348nam a2200157Ia 4500
100 _aMukherjee/P.N
942 _cBK
366 _f25
654 _aqualtiy management
245 _aTotal Quality Management
260 _bPrentice -Hall of India
_c2006
082 _a658.562
_bMUK
300 _a418
546 _aENGLISH
_cInfo.Tech
999 _c29209
_d29209